000
00238nam a22000857a 4500
999
_c
11540
_d
11540
008
190618b ||||| |||| 00| 0 eng d
100
_a
Lewis C.S
_9
7250
245
_a
The Lion ,the Witch and the Wardrobe
260
_a
new york
_b
the lion
_c
1994